000 00652nam a2200205 a 4500
001 1122
003 CO-ViMGA
008 141112s2004 ck r 000 u spa d
040 _aCO-ViMGA
_bspa
_cCO-ViMGA
082 0 4 _a335.4 F765
100 1 _aFromm, Erich
245 1 0 _aMarx y su concepto del hombre
260 _aMexico :
_bFondo de Cultura Económica,
_c1994
300 _a272 p
490 _aBreviarios, 166
505 _aEl concepto del hombre en Marx 13 - - Manuscritos económico - filosofico de Karl Marx 97 - - Otros escritos de Marx 205 - - Sobre Karl Marx 233
650 1 4 _aHOMBRE - FILOSOFIA
650 1 4 _aMARXISMO
942 _2ddc
_cBK
999 _c13345
_d13345